000 01826cam a22004334i 4500
003 PE-LiUPU
005 20250731183422.0
008 150512s2011 nyua rb 001 0 eng d
020 _a1568989784
020 _a9781568989785
035 _a(Sirsi) i9781568989785
040 _aPE-LiUPU
_bspa
_cPE-LiUPU
_erda
049 _aPRUA
082 0 0 _a721
_bF76
_220
100 1 _aFord, Edward R.,
_eautor
245 1 4 _aThe architectural detail /
_cEdward R. Ford.
250 _aFirst edition.
264 1 _aNew York :
_bPrinceton Architectural Press,
_c[2011].
300 _a328 páginas :
_bilustraciones ;
_c23 centímetros
336 _atext
_2rdacontent
337 _aunmediated
_2rdamedia
338 _avolume
_2rdacarrier
504 _aBibliografía : páginas 314-315.
504 _aÍndice : páginas 322-328.
505 0 _aWhat is a detail? -- Definition number 1: There are no details -- Definition number 2: The detail as motif -- Definition number 3: The detail as a representation of construction -- Definition number 4: The detail as joint -- Definition number 5: The autonomous detail -- What is detailing.
526 _aP158
526 _aP146
526 _aP17
526 _aP12
526 _aP06
541 _g003-000775;
650 1 7 _aArquitectura
_xDetalles
_vObras ilustradas.
_2embne
910 _acce
_bjck
_ccce
_d20150512
942 _2ddc
_cBOOK
949 _a721 F76
_wDEWEY
_c1
_i71046
_lCCODEBUL1
_mBUL
_p44.10
_r0
_sY
_tBOOK
_u2015-5-12
_xINGENIERIA
_PP06
_0COMPRA
_o.STAFF. Colección General
994 _aC0
_bPEPRU
596 _a1
999 _a721 F76
_wDEWEY
_c47343
_i71046
_f2021-11-9
_g7
_lCCODEBUL1
_mBUL
_p44.10
_r0
_sY
_tBOOK
_u2015-5-12
_xINGENIERIA
_PP06
_0COMPRA
_o.STAFF. Colección General
_d47343
980 _81
_gALBERTO SANCHEZ Responsable de Automatización